Baxter; Baxter and Payne; Baxter, Payne and Lepper (Record no. 94571)
[ view plain ]
| 000 -LEADER | |
|---|---|
| fixed length control field | 00664cam a2200217 4500 |
| 001 - CONTROL NUMBER | |
| control field | D1335 |
| 008 - FIXED-LENGTH DATA ELEMENTS--GENERAL INFORMATION | |
| fixed length control field | 970304s1985 xxkco g deng |
| 035 ## - SYSTEM CONTROL NUMBER | |
| System control number | (Sirsi) u63487 |
| 041 0# - LANGUAGE CODE | |
| Language code of text/sound track or separate title | eng |
| 050 04 - LIBRARY OF CONGRESS CALL NUMBER | |
| Classification number | 920 $2 18 |
| 110 2# - MAIN ENTRY--CORPORATE NAME | |
| Corporate name or jurisdiction name as entry element | Baxter, Payne and Lepper |
| 9 (RLIN) | 1772 |
| 245 00 - TITLE STATEMENT | |
| Title | Baxter; Baxter and Payne; Baxter, Payne and Lepper |
| Remainder of title | a chronicle of the period 1760 to 1985... |
| 260 ## - PUBLICATION, DISTRIBUTION, ETC. | |
| Place of publication, distribution, etc. | [Bromley] |
| Name of publisher, distributor, etc. | Baxter, Payne and Lepper |
| Date of publication, distribution, etc. | 1985 |
| 300 ## - PHYSICAL DESCRIPTION | |
| Extent | 57p. |
| Other physical details | ill. facims. ports. |
| Dimensions | 28cm |
| 600 14 - SUBJECT ADDED ENTRY--PERSONAL NAME | |
| Personal name | Baxter, Samuel |
| 600 14 - SUBJECT ADDED ENTRY--PERSONAL NAME | |
| Personal name | Payne, Frederick |
| 600 14 - SUBJECT ADDED ENTRY--PERSONAL NAME | |
| Personal name | Lepper, Jack |
| 690 ## - LOCAL SUBJECT ADDED ENTRY--TOPICAL TERM (OCLC, RLIN) | |
| Topical term or geographic name as entry element | ABOUT RICS-RICS MEMBERS-CHARTERED SURVEYORS |
| 942 ## - ADDED ENTRY ELEMENTS (KOHA) | |
| Suppress in OPAC | 0 |
| 948 ## - LOCAL PROCESSING INFORMATION (OCLC); SERIES PART DESIGNATOR (RLIN) | |
| c (OCLC) | 04/03/1997 |
| Withdrawn status | Lost status | Source of classification or shelving scheme | Damaged status | Not for loan | Home library | Current library | Shelving location | Date acquired | Total Checkouts | Full call number | Barcode | Date last seen | Copy number | Price effective from | Koha item type |
|---|---|---|---|---|---|---|---|---|---|---|---|---|---|---|---|
| Dewey Decimal Classification | London | London | Reference copy | 08/08/1995 | F920 BAX | 30001117 | 06/08/2019 | 1 | 06/08/2019 | Book |